000
00184 a2200097 4500
020
_a
9780439202299
041
_a
eng
100
_a
Herman, Gail
245
_a
Snack snatcher
942
_c
BK
999
_c
31683
_d
31681